000 00768nam a2200253 a 4500
001 BRCA_8224
005 20190320210202.0
008 210514s--------fr-a###f##---#000-0#eng-#
041 _aeng
044 _afr
050 4 _aN2030
_b.B37
100 1 _aBarrelet, Marie-Thérèse
_95199
245 1 0 _aGeneral Guide
_cMarie-Thérèse Barrelet et Gerard Hubert ; translated by D. M. Windett.
260 _aParis
_bL´Indispensable
_c[19-?]
300 _a228 p.
_bil.
_c16 cm.
440 0 _aColection Musée du Louvre
_920507
500 _aT14
610 2 4 _aMusée du Louvre (Paris)
_920508
650 1 4 _aGuías
_vGalerías y museos
_zFrancia
_920509
700 1 _aHubert, Gerard
_ecoaut.
_95200
700 1 _aWindett, D. M.
_etr.
_920510
902 _aGFM
942 _2lcc
_cB
999 _c7892
_d7892